000 00717 a2200169 4500
999 _c10685
_d10685
050 0 0 _aHV801.Z55 UNI 2016
110 2 _aUNICEF-Zimbabwe.
245 1 0 _aChild poverty in Zimbabwe : a multiple overlapping deprivation analysis :
_bpolicy brief /
_cUNICEF Zimbabwe.
264 1 _aHarare :
_bUNICEF,
_cAugust 2021.
300 _a8 pages :
_bcolor illustrations ;
500 _aTitle from cover Available on the following websites www.unicef.org/zimbabwe www.zimstat.co.zw
504 _aIncludes bibliographical references.
650 0 _aPoor children
_xZimbabwe
710 _aZimbabwe National Statistics Agency (ZimStat)
942 _2lcc
_cSERIALS
_h801.Z55
_iUNI
_kHV